Virtual reality CAD can save surveyors time. (Record no. 60651)

MARC details
000 -LEADER
fixed length control field 00684cam a2200169 4500
001 - CONTROL NUMBER
control field ABS60973
008 - FIXED-LENGTH DATA ELEMENTS--GENERAL INFORMATION
fixed length control field 000000n1999 000 0 eng u
035 ## - SYSTEM CONTROL NUMBER
System control number (Sirsi) u101519
100 ## - MAIN ENTRY--PERSONAL NAME
Personal name Pittard, S.
245 ## - TITLE STATEMENT
Title Virtual reality CAD can save surveyors time.
260 ## - PUBLICATION, DISTRIBUTION, ETC.
Date of publication, distribution, etc. 1999
490 ## - SERIES STATEMENT
Series statement CSM
-- Chartered Surveyor Monthly
Volume/sequential designation 8(11/12) July/August 1999, 48(1)
520 ## - SUMMARY, ETC.
Summary, etc. Considers whether the surveying profession has exploited Computer Aided Design (CAD) to its full potential. Advises that using CAD can help surveyors manage project costs more effectively.
650 ## - SUBJECT ADDED ENTRY--TOPICAL TERM
Topical term or geographic name entry element COMPUTER AIDED DESIGN
690 ## - LOCAL SUBJECT ADDED ENTRY--TOPICAL TERM (OCLC, RLIN)
Topical term or geographic name as entry element MANAGEMENT-BUSINESS MANAGEMENT-INFORMATION MANAGEMENT
942 ## - ADDED ENTRY ELEMENTS (KOHA)
Suppress in OPAC 0
Holdings
Withdrawn status Lost status Source of classification or shelving scheme Damaged status Not for loan Home library Current library Shelving location Date acquired Total Checkouts Full call number Barcode Date last seen Copy number Price effective from Koha item type
    Dewey Decimal Classification     London London Journal article 05/11/1999   ABS60973 101519-1001 06/08/2019 1 06/08/2019 Journal article